000 00492nam a2200181Ia 4500
003 GCL
008 140319s9999 xx 000 0 ara d
040 _aGCL /
_cGCL
082 0 4 _a813.1
_bا م
100 1 _aابراهيم ناجى
245 1 0 _aمدينة الاحلام /
_cابراهيم ناجى
300 _a105 ص
490 _a100 قصة
_v0
650 0 4 _aالادب العربى
650 0 4 _aالقصص العربية
650 0 4 _aالقصة القصيرة
942 _2ddc
_cBK
999 _c45818
_d45818